000 00256nam a22001097a 4500
082 _a823
_bTAY/T
100 _aTAYLOR, WILLIAM T
245 _aTHE X'MAS DONKEY
260 _aNEW YORK
_bLITTLE GOLDEN BOOK
650 _aENGLISH STORY
_zUNITED STATES
942 _cBK
999 _c7521
_d7521